| 000 | 00727nam a2200193 u 4500 | ||
|---|---|---|---|
| 001 | 000034584 | ||
| 005 | 20200930073759.0 | ||
| 008 | 111010s2003 sp 000 0 spa d | ||
| 020 | _a8495163772 | ||
| 040 |
_aDO-SdBNP _bspa _cBNPHU |
||
| 082 |
_axxxx _bxxxx |
||
| 100 | 1 |
_aMartínez Cabrera, Marcelino _960021 |
|
| 245 | 1 | 3 |
_aLa medición de la eficiencias en las instituciones de educación superior / _cMarcelino Martínez Cabrera, prólogo José Manuel González-Páramo. |
| 260 |
_aMadrid, : _bFundación BBVA, _c2003. |
||
| 300 |
_a174 p. ; _c24 cm. |
||
| 500 | _aIncluye índices | ||
| 504 | _aIncluye referencias bibliográficas y notas al pie de las páginas | ||
| 700 | 1 |
_aMartínez Cabrera, Marcelino, _epról. _960021 |
|
| 999 |
_c34075 _d34075 |
||